Historic properties (Record no. 107300)
[ view plain ]
| 000 -LEADER | |
|---|---|
| fixed length control field | 01440cam a22002535a 4500 |
| 001 - CONTROL NUMBER | |
| control field | L139437 |
| 008 - FIXED-LENGTH DATA ELEMENTS--GENERAL INFORMATION | |
| fixed length control field | 070726s2006 xxua f 001 0 eng d |
| 020 ## - INTERNATIONAL STANDARD BOOK NUMBER | |
| International Standard Book Number | 0922154872 |
| 035 ## - SYSTEM CONTROL NUMBER | |
| System control number | (Sirsi) u139437 |
| 041 0# - LANGUAGE CODE | |
| Language code of text/sound track or separate title | eng |
| 050 04 - LIBRARY OF CONGRESS CALL NUMBER | |
| Classification number | 333.3382 $2 22 |
| -- | 333.3320973 $2 18 |
| 100 1# - MAIN ENTRY--PERSONAL NAME | |
| Personal name | Reynolds, Judith |
| 245 00 - TITLE STATEMENT | |
| Title | Historic properties |
| Remainder of title | preservation and the valuation process |
| 250 ## - EDITION STATEMENT | |
| Edition statement | 3rd ed. |
| 260 ## - PUBLICATION, DISTRIBUTION, ETC. | |
| Place of publication, distribution, etc. | Chicago |
| Name of publisher, distributor, etc. | Appraisal Institute |
| Date of publication, distribution, etc. | 2006 |
| 300 ## - PHYSICAL DESCRIPTION | |
| Extent | 182p. |
| Other physical details | ill. |
| Dimensions | 26cm. |
| 350 ## - PRICE (NR) (BK AM CF MU VM SE) [OBSOLETE] | |
| Price | 27.20 |
| 505 2# - FORMATTED CONTENTS NOTE | |
| Formatted contents note | A brief history of the preservation movement -- What makes a property historic? -- Building styles -- The costs and benefits of historic properties -- Valuation theory and historic preservation -- Applying the cost approach to historic properties -- Applying the income approach to historic properties -- Reconciliation of market value indications -- Preservation/conservation easements |
| 520 ## - SUMMARY, ETC. | |
| Summary, etc. | Provides guidance for appraisers in the United States who value historic properties. Includes an expanded valuation section and a case study illustrating how the sales comparison and income capitalisation approaches are applied in valuing historic properties. Also discusses the legislation, court decisions, tax laws, and restrictions that affect preservation and conservation easements. |
| 651 #4 - SUBJECT ADDED ENTRY--GEOGRAPHIC NAME | |
| Geographic name | United States |
| Chronological subdivision | 1959- |
| 690 ## - LOCAL SUBJECT ADDED ENTRY--TOPICAL TERM (OCLC, RLIN) | |
| Topical term or geographic name as entry element | PROPERTY-PROPERTY APPRAISAL AND VALUATION |
| 942 ## - ADDED ENTRY ELEMENTS (KOHA) | |
| Suppress in OPAC | 0 |
| Withdrawn status | Lost status | Source of classification or shelving scheme | Damaged status | Not for loan | Home library | Current library | Shelving location | Date acquired | Cost, normal purchase price | Total Checkouts | Full call number | Barcode | Date last seen | Date last checked out | Copy number | Cost, replacement price | Price effective from | Koha item type |
|---|---|---|---|---|---|---|---|---|---|---|---|---|---|---|---|---|---|---|
| Dewey Decimal Classification | London | London | Books | 16/10/2007 | 27.20 | 2 | 333.3320973 REY | 30074298 | 06/08/2019 | 31/10/2008 | 1 | 27.20 | 06/08/2019 | Book |